| 000 | 00800nam a22002177a 4500 | ||
|---|---|---|---|
| 005 | 20170412170552.0 | ||
| 020 |
_a9789350358238 _c375.00 |
||
| 035 | _aB-667527 | ||
| 037 | _bKBD/Ven | ||
| 082 | _a346.54054 | ||
| 100 | _aKumar, H. L. | ||
| 245 | 0 | 0 |
_aMake your will yourself / _cby H. L. Kumar and Gaurav Kumar |
| 250 | _a7th ed | ||
| 260 |
_aNew Delhi _bUniversal Law Publishing _c2016 |
||
| 270 |
_aC-FF-1A, Dilkhush Industrial Estate, (Near Azadpur Metro Station) G.T. Karnal Road _bNew Delhi _e110033 |
||
| 300 |
_axxxvi,322p. _c22cm(pbk) |
||
| 500 | _aIncludes index | ||
| 710 | _aGaurav Kumar | ||
| 942 |
_2ddc _cEN _mKUM _h346.54054 |
||
| 999 |
_c138841 _d138841 |
||